000 00779nam a2200253 i 4500
001 19116
003 ES-MaACL
005 20230906152012.0
007 t|
008 020517s2001 sp ||||1| spa d
020 _a84-95599-14-7
080 _a61 Harvey, William
100 1 _aAlbarracín Teulón, Agustín.
_919242
245 1 0 _aHarvey :
_bel movimiento del corazón y la sangre /
_cAgustín Albarracín Teulón.
250 _a1ª ed.
260 _aMadrid :
_bNivola,
_c2001.
300 _a156 p. :
_bil. ;
_c21 cm.
490 1 _aCientíficos para la historia ;
_v6
504 _aBibliografía: p. 153-156.
600 1 4 _aHarvey, William.
_962025
830 1 _aCientíficos para la historia ;
_v6
_9180553
852 _aES-MaACL
_jL-25519
999 _c19116
_d19116